| 000 | 01037nam a22002057a 4500 | ||
|---|---|---|---|
| 999 |
_c63676 _d63676 |
||
| 003 | Ge_BSU | ||
| 005 | 20251205205832.0 | ||
| 008 | 251205s2012 ge ||||| |||| 00| 0 geo d | ||
| 020 | _a9789941176968 | ||
| 041 | _ageo | ||
| 080 | _a821.111.03=353.1 ს-84 | ||
| 100 |
_aსტივენსონი, რობერტ ლუის _926371 |
||
| 245 |
_aდოქტორ ჯეკილისა და მისტერ ჰაიდის უცნაური თავგადასავალი / _cრობერტ ლუის სტივენსონი; ინგლ. ენ. თარგმნა ლია გუგუნავამ. |
||
| 264 |
_aთბ. : _b უნივერსალი, _c2012. |
||
| 300 |
_a93 გვ. ; _b20 სმ. |
||
| 653 | _aშოტლანდიური პროზა | ||
| 653 | _aთარგმანები ქართულ ენაზე | ||
| 700 |
_aგუგუნავა, ლია _eმთარგმნელი _926372 |
||
| 942 |
_2udc _cᲬᲘᲒᲜᲘ |
||